[Event "EUR-chT Seniors 65"]
[Site "Prague"]
[Date "2021.09.02"]
[Round "4.1"]
[White "Semakoff, Aleks"]
[Black "Huss, Andreas"]
[Result "1/2-1/2"]
[WhiteElo "1996"]
[BlackElo "2249"]
[PlyCount "38"]
[EventDate "2021.08.30"]
[EventType "team-swiss"]
[EventRounds "9"]
[EventCountry "CZE"]
[SourceTitle "CBM 204 Extra"]
[Source "ChessBase"]
[SourceDate "2021.11.30"]
[SourceVersion "1"]
[SourceVersionDate "2021.11.30"]
[SourceQuality "1"]
[WhiteTeam "Golden Oldies 65"]
[BlackTeam "Switzerland 65"]
[WhiteTeamCountry "NOR"]
[BlackTeamCountry "SUI"]

1. e4 e6 2. d4 d5 3. exd5 exd5 4. Nf3 Bd6 5. c4 c6 6. Nc3 Ne7 7. Bd3 dxc4 8. Bxc4 0-0 9. 0-0 Nd7 10. Bb3 Nb6 11. Bg5 Kh8 12. Bxe7 Bxe7 13. Ne5 Be6 14. Bxe6 fxe6 15. Qg4 Qc8 16. Rae1 Rf5 17. Re3 Kg8 18. Rfe1 Bg5 19. Rg3 Nd5 1/2-1/2

[Event "Wch Seniors 50 26th"]
[Site "Marianske Lazne"]
[Date "2016.11.26"]
[Round "7"]
[White "Semakoff, Aleks"]
[Black "Chan, Peng Kong"]
[Result "1/2-1/2"]
[WhiteElo "2084"]
[BlackElo "2233"]
[PlyCount "55"]
[EventDate "2016.11.19"]
[EventType "swiss"]
[EventRounds "11"]
[EventCountry "CZE"]
[SourceTitle "CBM 175 Extra"]
[Source "ChessBase"]
[SourceDate "2016.12.12"]
[SourceVersion "1"]
[SourceVersionDate "2016.12.12"]
[SourceQuality "1"]

1. e4 c5 2. Nf3 Nc6 3. d4 cxd4 4. Nxd4 Qb6 5. Nb3 Nf6 6. Nc3 e6 7. Be3 Qc7 8. Bd3 a6 9. 0-0 Ne5 10. h3 d6 11. Qe2 Be7 12. f4 Nxd3 13. cxd3 Bd7 14. Rac1 Qb8 15. Nd4 g6 16. Nf3 Bc6 17. f5 0-0 18. fxe6 fxe6 19. Bh6 Re8 20. Rf2 Qd8 21. Rcf1 Rc8 22. Nd4 Bd7 23. Rf3 e5 24. Nc2 Be6 25. Ne3 d5 26. Bg5 Nxe4 27. dxe4 Bxg5 28. Nexd5 1/2-1/2

[Event "Wch Seniors 50 26th"]
[Site "Marianske Lazne"]
[Date "2016.11.20"]
[Round "2"]
[White "Becvar, Miroslav"]
[Black "Semakoff, Aleks"]
[Result "1-0"]
[WhiteElo "1834"]
[BlackElo "2084"]
[PlyCount "69"]
[EventDate "2016.11.19"]
[EventType "swiss"]
[EventRounds "11"]
[EventCountry "CZE"]
[SourceTitle "CBM 175 Extra"]
[Source "ChessBase"]
[SourceDate "2016.12.12"]
[SourceVersion "1"]
[SourceVersionDate "2016.12.12"]
[SourceQuality "1"]

1. e4 d5 2. exd5 Nf6 3. Nc3 Nxd5 4. Bc4 Nb6 5. Bb3 Nc6 6. Nf3 Bf5 7. a3 e6 8. d3 Be7 9. Be3 0-0 10. h3 Nd5 11. Nxd5 exd5 12. 0-0 Bf6 13. d4 Re8 14. Qd2 Be4 15. Nh2 h5 16. Rae1 Re6 17. f3 Bf5 18. Bf2 Bg5 19. f4 Bf6 20. Rxe6 fxe6 21. c3 Qd7 22. Bd1 Qf7 23. Bf3 Re8 24. Qe2 Bg6 25. Re1 Kf8 26. g4 hxg4 27. hxg4 Qg8 28. Bg3 Qh7 29. Kg2 Bd3 30. Qe3 Bc4 31. Qf2 Kf7 32. g5 Be7 33. Bg4 Bd6 34. f5 Bxg3 35. fxe6+ 1-0

[Event "Prague Holiday M22"]
[Site "Prague"]
[Date "2010.07.28"]
[Round "6"]
[White "Semakoff, Aleks"]
[Black "Hadzala, Daniel"]
[Result "1/2-1/2"]
[WhiteElo "2167"]
[BlackElo "2105"]
[PlyCount "25"]
[EventDate "2010.07.25"]
[EventType "tourn"]
[EventRounds "9"]
[EventCountry "CZE"]
[SourceTitle "EXT 2023"]
[Source "ChessBase"]
[SourceDate "2022.10.05"]
[SourceVersion "1"]
[SourceVersionDate "2022.10.05"]
[SourceQuality "1"]

1. e4 e6 2. d4 d5 3. Nc3 Nf6 4. e5 Nfd7 5. f4 c5 6. Nf3 Nc6 7. Be3 a6 8. Be2 b5 9. 0-0 Qc7 10. dxc5 Nxc5 11. Nd4 Be7 12. Bf3 Bb7 13. Nce2 1/2-1/2

[Event "NOR-chT qualifier"]
[Site "Norway"]
[Date "2002.??.??"]
[Round "7"]
[White "Semakoff, Aleks"]
[Black "Eriksen, Terje"]
[Result "1/2-1/2"]
[WhiteElo "2215"]
[BlackElo "2201"]
[PlyCount "67"]
[EventDate "2001.11.??"]
[EventType "team"]
[EventRounds "9"]
[EventCountry "NOR"]
[SourceTitle "EXT 2003"]
[Source "ChessBase"]
[SourceDate "2002.11.25"]
[SourceVersion "1"]
[SourceVersionDate "2002.11.25"]
[SourceQuality "1"]

1. e4 c6 2. d4 d5 3. exd5 cxd5 4. Bd3 Nc6 5. c3 Qc7 6. Nf3 Bg4 7. 0-0 e6 8. h3 Bh5 9. Be3 Nf6 10. Nbd2 Bd6 11. Re1 0-0 12. Bg5 Nd7 13. Bh4 Ne7 14. Nf1 Ng6 15. Bxg6 Bxg6 16. Bg3 b5 17. Bxd6 Qxd6 18. Ne5 Rab8 19. a3 a5 20. Nxd7 Qxd7 21. Nd2 b4 22. axb4 axb4 23. Nb3 bxc3 24. bxc3 Ra8 25. Nc5 Qb5 26. Qc1 Ra5 27. Rxa5 Qxa5 28. Qb2 Ra8 29. Qb7 Qa7 30. Qc6 Rb8 31. Na6 Ra8 32. Nc5 Rb8 33. Na6 Ra8 34. Nc5 1/2-1/2

[Event "NOR-chT qualifier"]
[Site "Norway"]
[Date "2001.??.??"]
[Round "1"]
[White "Ekeberg, Carl Fredrik"]
[Black "Semakoff, Aleks"]
[Result "1-0"]
[WhiteElo "2181"]
[BlackElo "2215"]
[PlyCount "111"]
[EventDate "2001.11.??"]
[EventType "team"]
[EventRounds "9"]
[EventCountry "NOR"]
[SourceTitle "EXT 2003"]
[Source "ChessBase"]
[SourceDate "2002.11.25"]
[SourceVersion "1"]
[SourceVersionDate "2002.11.25"]
[SourceQuality "1"]

1. d4 d5 2. c4 e6 3. Nf3 c5 4. cxd5 exd5 5. g3 Nc6 6. Bg2 Nf6 7. 0-0 Be7 8. dxc5 Bxc5 9. Bg5 0-0 10. Qc2 Be7 11. Nc3 Be6 12. Rfd1 Qa5 13. a3 Rac8 14. Qd3 Rfe8 15. b4 Qd8 16. Rac1 h6 17. Bf4 Qd7 18. Ne5 Nxe5 19. Bxe5 Red8 20. Qd2 Rc4 21. Bxf6 Bxf6 22. Nxd5 Rxc1 23. Qxc1 Bxd5 24. Rxd5 Qe6 25. Rxd8+ Bxd8 26. Qd1 Qe7 27. Bxb7 a5 28. Bf3 axb4 29. axb4 Bb6 30. Qb3 Qe5 31. e3 g6 32. Kg2 Kg7 33. Bd5 Qf6 34. Qc4 Qf5 35. Qc3+ Qf6 36. Qxf6+ Kxf6 37. Kf3 Ke7 38. Ke4 f5+ 39. Kd3 g5 40. f3 Kd6 41. Bg8 Ke5 42. h3 f4 43. gxf4+ gxf4 44. e4 Be3 45. Kc4 Kd6 46. Bd5 Bf2 47. Kb5 Be1 48. Bf7 Bd2 49. Bh5 Be1 50. h4 Bd2 51. e5+ Kxe5 52. Kc5 Kf6 53. b5 Ke7 54. b6 Be3+ 55. Kc6 Bd4 56. Kc7 1-0

[Event "NOR-chT 0001"]
[Site "Norway"]
[Date "2001.??.??"]
[Round "4"]
[White "Semakoff, Aleks"]
[Black "Aulin Jansson, Joran"]
[Result "1/2-1/2"]
[WhiteElo "2215"]
[BlackElo "2227"]
[PlyCount "80"]
[EventDate "2000.??.??"]
[EventType "team"]
[EventRounds "5"]
[EventCountry "NOR"]
[SourceTitle "EXT 2002"]
[Source "ChessBase"]
[SourceDate "2001.11.25"]
[SourceVersion "1"]
[SourceVersionDate "2001.11.25"]
[SourceQuality "1"]

1. e4 c5 2. Nf3 d6 3. d4 cxd4 4. Nxd4 Nf6 5. Nc3 a6 6. a4 e5 7. Nf3 Qc7 8. Bg5 Nbd7 9. Nd2 h6 10. Bh4 Be7 11. Bc4 Nb6 12. Bb3 Be6 13. Bxf6 Bxf6 14. a5 Nc8 15. Nd5 Bxd5 16. Bxd5 0-0 17. Nc4 Ra7 18. 0-0 b5 19. axb6 Nxb6 20. Nxb6 Qxb6 21. b3 a5 22. Ra4 Bd8 23. Qd3 Qb8 24. Kh1 Bb6 25. g3 Qc8 26. Kg2 Rc7 27. Rc4 Rxc4 28. Bxc4 Qc5 29. Qd5 Qxd5 30. Bxd5 Rc8 31. Bc4 Bd4 32. Bd3 Kf8 33. Kf3 Ke7 34. Ke2 Kd7 35. f4 f6 36. f5 Kc6 37. Bc4 Kc5 38. Kd2 Kb4 39. Rf3 Rxc4 40. bxc4 Kxc4 1/2-1/2

[Event "NOR-chT"]
[Site "Norway"]
[Date "1998.??.??"]
[Round "?"]
[White "Ulrichsen, Jarl Henning"]
[Black "Semakoff, Aleks"]
[Result "1/2-1/2"]
[WhiteElo "2280"]
[BlackElo "2230"]
[PlyCount "36"]
[EventDate "1998.??.??"]
[EventType "team"]
[EventRounds "7"]
[EventCountry "NOR"]
[SourceTitle "EXT 1999"]
[Source "ChessBase"]
[SourceDate "1998.11.16"]
[SourceVersion "1"]
[SourceVersionDate "1998.11.16"]
[SourceQuality "1"]

1. c4 e6 2. d4 d5 3. Nc3 c5 4. e3 Nf6 5. Nf3 Nc6 6. Be2 dxc4 7. Bxc4 Be7 8. 0-0 0-0 9. a3 cxd4 10. exd4 a6 11. Be3 b5 12. Ba2 Bb7 13. Rc1 Rc8 14. Qe2 b4 15. axb4 Nxb4 16. Bb1 Qa5 17. Ne5 Nbd5 18. Nxd5 Qxd5 1/2-1/2

[Event "Gausdal Jubilee"]
[Site "Gausdal"]
[Date "1983.??.??"]
[Round "7"]
[White "Haugli, Petter"]
[Black "Semakoff, Aleks"]
[Result "1-0"]
[WhiteElo "2240"]
[BlackElo "2255"]
[PlyCount "51"]
[EventDate "1983.04.??"]
[EventType "swiss"]
[EventRounds "9"]
[EventCountry "NOR"]
[SourceTitle "MCD"]
[Source "ChessBase"]
[SourceDate "1999.07.01"]
[SourceVersion "1"]
[SourceVersionDate "1999.07.01"]
[SourceQuality "1"]

1. Nf3 d5 2. b3 Nf6 3. Bb2 Bf5 4. g3 e6 5. Bg2 Be7 6. 0-0 h6 7. d3 0-0 8. Nbd2 Bh7 9. e3 c5 10. Qe2 Nc6 11. Kh1 Rc8 12. Ne1 b5 13. f4 Qb6 14. g4 c4 15. h4 d4 16. bxc4 dxe3 17. c5 Bxc5 18. Ne4 Nxe4 19. dxe4 Nd4 20. Bxd4 Bxd4 21. Rb1 Rc4 22. f5 exf5 23. gxf5 Qf6 24. Rxb5 Qxh4+ 25. Kg1 Rfc8 26. Qxc4 1-0

[Event "Gausdal Int"]
[Site "Gausdal"]
[Date "1982.??.??"]
[Round "1"]
[White "Dlugy, Maxim"]
[Black "Semakoff, Aleks"]
[Result "1-0"]
[WhiteElo "2310"]
[BlackElo "2250"]
[PlyCount "129"]
[EventDate "1982.08.??"]
[EventType "swiss"]
[EventRounds "9"]
[EventCountry "NOR"]
[SourceTitle "MCD"]
[Source "ChessBase"]
[SourceDate "1999.07.01"]
[SourceVersion "1"]
[SourceVersionDate "1999.07.01"]
[SourceQuality "1"]

1. d4 d5 2. c4 e6 3. Nc3 c5 4. cxd5 exd5 5. Nf3 Nc6 6. e3 Nf6 7. Be2 Be7 8. 0-0 0-0 9. dxc5 Bxc5 10. b3 Be6 11. Nb5 Ne4 12. Bb2 Rc8 13. Rc1 Qe7 14. Qd3 a6 15. Nc3 Nb4 16. Qb1 Bg4 17. a3 Nxc3 18. Bxc3 Nc6 19. b4 Bxe3 20. fxe3 Qxe3+ 21. Rf2 Bxf3 22. Bxf3 Ne5 23. Bd2 Nxf3+ 24. gxf3 Qxa3 25. Rxc8 Rxc8 26. Qf5 Rd8 27. Re2 Qa1+ 28. Kg2 Qd1 29. Qd3 h6 30. Re1 Qa4 31. Re7 Rd6 32. Kf2 Qc6 33. Qd4 Rg6 34. Bc3 Qc8 35. Re2 Qh3 36. Qf4 Rg2+ 37. Ke1 Rxe2+ 38. Kxe2 Qg2+ 39. Kd3 Qf1+ 40. Kc2 Qe2+ 41. Kb3 f6 42. Qf5 Qc4+ 43. Kb2 Qe2+ 44. Ka3 Qc4 45. Qe6+ Kh7 46. Qe3 b5 47. Qd4 h5 48. Qe3 Qf1 49. Be1 Qc4 50. Bd2 Qf1 51. Kb2 Qc4 52. f4 Qf1 53. Qd4 Qg2 54. Qd3+ Kh8 55. h3 Kg8 56. Kc3 Kh8 57. Kd4 g5 58. fxg5 fxg5 59. Kc5 Kg7 60. Qxd5 Qxh3 61. Qxg5+ Kf7 62. Qf4+ Ke6 63. Qd6+ Kf7 64. Kb6 Qa3 65. Qd5+ 1-0

[Event "Gausdal Int"]
[Site "Gausdal"]
[Date "1982.??.??"]
[Round "7"]
[White "Hartung Nielsen, Jens"]
[Black "Semakoff, Aleks"]
[Result "0-1"]
[WhiteElo "2240"]
[BlackElo "2250"]
[PlyCount "51"]
[EventDate "1982.08.??"]
[EventType "swiss"]
[EventRounds "9"]
[EventCountry "NOR"]
[SourceTitle "MCD"]
[Source "ChessBase"]
[SourceDate "1999.07.01"]
[SourceVersion "1"]
[SourceVersionDate "1999.07.01"]
[SourceQuality "1"]

1. d4 d5 2. c4 e6 3. Nc3 c5 4. e3 Nf6 5. Nf3 Nc6 6. a3 cxd4 7. exd4 Be7 8. cxd5 exd5 9. Be2 0-0 10. 0-0 Bg4 11. h3 Bh5 12. Bf4 Rc8 13. Rc1 Ne4 14. Re1 Re8 15. Nxe4 dxe4 16. Ne5 Bxe2 17. Qxe2 Nxd4 18. Qxe4 Rxc1 19. Rxc1 f6 20. Nf3 Bc5 21. Qb1 Ne2+ 22. Kf1 Nxc1 23. Qxc1 Qd5 24. Nd2 Qd4 25. Qc4+ Qxc4+ 26. Nxc4 0-1